000 00319nam a2200133 i 4500
001 bg
100 1 _aODERFELD, Jan
245 0 _aSatystyczne podstawy prac doświadczalnych /
_cJan Oderfeld.
260 _aWarszawa,
_c1990.
040 _cBPK
041 _apol
942 _cKS
008 s pl f |000 0 pol
999 _c4316
_d4316
856 _uhttp://koha.tu.koszalin.pl/cgi-bin/koha/opac-detail.pl?biblionumber=4316
_yKatalog online BPK